|
|
|
|
| LEADER |
01357nam a2200313 a 4500 |
| 001 |
277156295 |
| 003 |
BD-DhAAL |
| 005 |
20250819130856.0 |
| 008 |
090819s2008 nyua 000 0 eng d |
| 020 |
|
|
|a 0981853307
|
| 020 |
|
|
|a 9780981853307
|
| 040 |
|
|
|a JRY
|c JRY
|d BTCTA
|d MLN
|d BD-DhAAL
|
| 082 |
0 |
4 |
|a 650/.076
|2 22
|
| 245 |
1 |
0 |
|a Critical reasoning.
|n Guide 6,
|b verbal strategy guide /
|
| 246 |
3 |
0 |
|a GMAT Strategy guide.
|
| 250 |
|
|
|a Third edition.
|
| 260 |
|
|
|a New York, N.Y. :
|b MG Prep Inc.,
|c 2008.
|
| 300 |
|
|
|a 191 pages :
|b illustrations ;
|c 28 cm.
|
| 490 |
0 |
|
|a GMAT strategy guide;
|v 6
|
| 490 |
0 |
|
|a 8 guide instructional series.
|
| 500 |
|
|
|a "Manhattan GMAT."--Cover
|
| 526 |
|
|
|x Mohammad Zakir Hossain Sharkar
Senior Lecturer
BRAC Business School
Course name and No. : N/A
|
| 541 |
1 |
|
|a Tain Book Depot
|e 00018014
|
| 650 |
|
0 |
|a Graduate Management Admission Test
|v Study guides.
|9 57809
|
| 650 |
|
0 |
|a Algebra
|x Examinations, questions, etc.
|9 58485
|
| 852 |
4 |
|
|a Ayesha Abed Library
|j General shelf
|
| 942 |
|
|
|2 ddc
|c BK
|
| 999 |
|
|
|c 3247
|d 3247
|
| 952 |
|
|
|0 0
|1 0
|2 ddc
|4 0
|6 650_076000000000000_CRI_2008
|7 0
|9 2941
|a BRACUL
|b BRACUL
|c GEN
|d 2009-08-31
|e Tain Book Depot
|g 1964.00
|l 15
|m 43
|o 650.076 CRI
|p 3010018014
|r 2024-11-11
|s 2024-10-02
|t 1
|w 2009-08-31
|y BK
|x Requisitioned by Md. Zakir hossain Sharkar, Sr. Lecturer, BBS. Course name and no. "not available"
|